[Event "Tournoi Skype 018A"]
[Site "Skype"]
[Date "????.??.??"]
[Round "3.22"]
[White "Farthouat, Titoine"]
[Black "Prasad Singh, Ambika"]
[Result "0-1"]
[WhiteElo "1606"]
[BlackElo "1545"]
[PlyCount "130"]

1. e4 c5 2. Nf3 d6 3. c3 Nf6 4. Qc2 Nc6 5. Bb5 Bd7 6. O-O e6 7. d4 a6 8. Bd3
cxd4 9. Nxd4 Rc8 10. Qb3 Nxd4 11. cxd4 Qc7 12. Nc3 Bc6 13. Bd2 Be7 14. Rfe1 O-O
15. Rac1 Qb8 16. Qc2 g6 17. Re3 Nh5 18. Ne2 Bxe4 19. Qb3 Bd5 20. Qa3 Bg5 21. f4
Nxf4 22. Rxc8 Rxc8 23. Nxf4 Bxf4 24. Re2 Bxd2 25. Rxd2 e5 26. dxe5 dxe5 27.
Bxa6 Qa7+ 28. Kf1 Qxa6+ 29. Qxa6 Bc4+ 30. Qxc4 Rxc4 31. a3 Rc7 32. b4 Kg7 33.
a4 Rc4 34. Rb2 b6 35. Ke2 f5 36. Kd3 Re4 37. a5 bxa5 38. bxa5 Ra4 39. Rb5 e4+
40. Ke3 Kf6 41. Rb6+ Kg5 42. Rb5 Kf6 43. Rb6+ Kg5 44. Rb5 h5 45. Rc5 h4 46. h3
Ra3+ 47. Ke2 Ra2+ 48. Ke3 Ra3+ 49. Ke2 Kf4 50. Rc6 g5 51. a6 Kg3 52. Rg6 g4 53.
hxg4 fxg4 54. a7 Rxa7 55. Ke3 Ra2 56. Kxe4 Rxg2 57. Kf5 Rf2+ 58. Kg5 h3 59. Kh5
Rf4 60. Re6 h2 61. Re3+ Rf3 62. Re1 Kg2 63. Re2+ Rf2 64. Rxf2+ Kxf2 65. Kxg4
h1=Q 0-1

[Event "Tournoi Skype 018A"]
[Site "Skype"]
[Date "????.??.??"]
[Round "3.23"]
[White "Trivedi, Viral"]
[Black "Meaney, Mike"]
[Result "1/2-1/2"]
[WhiteElo "1587"]
[BlackElo "1469"]
[PlyCount "61"]

1. e4 e6 2. Nf3 Nf6 3. Nc3 Nc6 4. d4 Bb4 5. Bd2 Bxc3 6. Bxc3 Nxe4 7. Bd2 Nxd2
8. Qxd2 d5 9. Bd3 Qf6 10. c3 O-O 11. Ng5 g6 12. h4 h6 13. Nf3 Qg7 14. h5 g5 15.
g4 f5 16. gxf5 exf5 17. O-O-O Be6 18. Rdg1 g4 19. Nh4 Qg5 20. Qxg5+ hxg5 21.
Ng6 Rf6 22. f4 gxf4 23. Nxf4 Rh6 24. Nxe6 Rxe6 25. Bxf5 Rf6 26. Rxg4+ Kf7 27.
Rf1 Ne7 28. Bg6+ Nxg6 29. hxg6+ Kg7 30. Rxf6 Kxf6 31. g7 1/2-1/2

[Event "Tournoi Skype 018A"]
[Site "Skype"]
[Date "????.??.??"]
[Round "3.24"]
[White "Coruble, Didier"]
[Black "Talbot, Jacques"]
[Result "0-1"]
[WhiteElo "1505"]
[BlackElo "1525"]
[PlyCount "52"]

1. c4 c5 2. Nc3 Nc6 3. Nf3 Nf6 4. h3 e5 5. d3 h6 6. g4 d6 7. Bg2 Be6 8. e4 Be7
9. Be3 Qd7 10. Nd5 Bxd5 11. cxd5 Nd4 12. Nxd4 cxd4 13. Bd2 Rc8 14. O-O O-O 15.
f3 Rc7 16. Qe2 Rfc8 17. Kh2 Rc2 18. b3 Bd8 19. Qe1 Qb5 20. g5 hxg5 21. Bxg5
Qxd3 22. Rd1 Qe2 23. Qg3 Nh5 24. Qg4 Nf6 25. Bh6 Nxg4+ 26. fxg4 Qxg2# 0-1

[Event "Tournoi Skype 018A"]
[Site "Skype"]
[Date "????.??.??"]
[Round "3.25"]
[White "Hague, Mark"]
[Black "Cossalter, Maurizio"]
[Result "1-0"]
[WhiteElo "1493"]
[BlackElo "1512"]
[PlyCount "71"]

1. d4 d5 2. c4 e6 3. Nc3 Nf6 4. Bg5 Nbd7 5. Nf3 c6 6. cxd5 cxd5 7. e3 Be7 8.
Bd3 O-O 9. O-O a6 10. Qc2 b5 11. a3 Bb7 12. Rac1 Rc8 13. Qb1 h6 14. Bf4 Nh5 15.
Be5 Bf6 16. Bxf6 Nhxf6 17. Ne5 Qe7 18. f4 Rc7 19. Rf3 Rfc8 20. Rcf1 Nh5 21. Rh3
Nhf6 22. Qe1 Ne8 23. g4 b4 24. axb4 Nxe5 25. fxe5 f6 26. Qg3 Qxb4 27. exf6 Nxf6
28. g5 Ne4 29. Bxe4 dxe4 30. gxh6 Qxb2 31. Nd1 Qa3 32. Nf2 Re7 33. Ng4 g6 34.
Nf6+ Kh8 35. Qxg6 Qxe3+ 36. Rxe3 1-0

[Event "Tournoi Skype 018A"]
[Site "Skype"]
[Date "????.??.??"]
[Round "4.1"]
[White "Ayotte, Jocelyn"]
[Black "Mishra, Om"]
[Result "1-0"]
[WhiteElo "2167"]
[BlackElo "1744"]
[PlyCount "89"]

1. d4 d5 2. c4 e6 3. Nc3 Nf6 4. Nf3 Be7 5. Bg5 Nbd7 6. e3 O-O 7. Bd3 b6 8. O-O
Bb7 9. Rc1 h6 10. Bh4 c5 11. cxd5 exd5 12. Qe2 c4 13. Bb1 a6 14. Ne5 b5 15. Qc2
g5 16. Bg3 Kg7 17. Nxd7 Qxd7 18. Be5 Rh8 19. f4 g4 20. Ne2 Kg8 21. Ng3 h5 22.
Qf5 Qxf5 23. Nxf5 Bd8 24. Nd6 Bc6 25. Rcd1 Be7 26. Nf5 Kf8 27. e4 h4 28. exd5
Bxd5 29. Ne3 Rh5 30. Rfe1 Rd8 31. Nf5 Be6 32. Nxe7 Kxe7 33. f5 Bd5 34. Bc7+ Kd7
35. Bxd8 Kxd8 36. Re5 h3 37. g3 Kd7 38. Rde1 Kd6 39. Re7 a5 40. Ra7 Nh7 41. Re5
Ng5 42. Ra6+ Bc6 43. Be4 f6 44. Re6+ Nxe6 45. fxe6 1-0

[Event "Tournoi Skype 018A"]
[Site "Skype"]
[Date "????.??.??"]
[Round "4.2"]
[White "Rico Hernandez, Edgar"]
[Black "Ibarra Cantu, Raul Alberto"]
[Result "0-1"]
[WhiteElo "1872"]
[BlackElo "2041"]
[PlyCount "120"]

1. d4 Nf6 2. Nf3 g6 3. Bg5 Bg7 4. c3 O-O 5. Nbd2 d6 6. e4 Nbd7 7. Be2 c5 8. O-O
cxd4 9. cxd4 h6 10. Bh4 g5 11. Bg3 Nh5 12. Nc4 Ndf6 13. Bd3 Nxg3 14. hxg3 Ng4
15. Rc1 b5 16. Na3 a6 17. Qc2 Bd7 18. Qc7 Qxc7 19. Rxc7 Rfd8 20. Rfc1 Rac8 21.
Kf1 Kf8 22. Ke2 Ke8 23. Nb1 Rxc7 24. Rxc7 Ra8 25. Nbd2 Kd8 26. Rc1 Rc8 27.
Rxc8+ Kxc8 28. Nb3 Kc7 29. Ne1 Kb6 30. f3 Nf6 31. Nc2 a5 32. Ne3 a4 33. Na1 Nh5
34. Nd5+ Ka5 35. g4 Nf4+ 36. Nxf4 gxf4 37. Nc2 b4 38. Bc4 e6 39. Kd3 f5 40.
gxf5 exf5 41. b3 a3 42. d5 h5 43. Nd4 fxe4+ 44. Kxe4 h4 45. Ne6 Bxe6 46. dxe6
Bf6 47. Kxf4 Kb6 48. Ke4 Kc5 49. f4 Kc6 50. Kf5 Be7 51. Kg6 d5 52. Kf7 dxc4 53.
Kxe7 cxb3 54. Kf7 bxa2 55. e7 a1=Q 56. e8=Q+ Kc5 57. Qe5+ Qxe5 58. fxe5 a2 59.
e6 a1=Q 60. e7 Qe1 0-1

[Event "Tournoi Skype 018A"]
[Site "Skype"]
[Date "????.??.??"]
[Round "4.3"]
[White "Jaimes, Fredy"]
[Black "Hilton, Stephen"]
[Result "1/2-1/2"]
[WhiteElo "1826"]
[BlackElo "1934"]
[PlyCount "22"]

1. e4 e6 2. d4 d5 3. Nc3 dxe4 4. Nxe4 Bd7 5. Nf3 Bc6 6. Bd3 Nd7 7. O-O Ngf6 8.
Bg5 Be7 9. Bxf6 Nxf6 10. Nxf6+ Bxf6 11. c3 O-O 1/2-1/2

[Event "Tournoi Skype 018A"]
[Site "Skype"]
[Date "????.??.??"]
[Round "4.4"]
[White "Deville, Olivier"]
[Black "Murgia, Stefano"]
[Result "1-0"]
[WhiteElo "1974"]
[BlackElo "1628"]
[PlyCount "69"]

1. c4 e5 2. Nc3 Nc6 3. Nf3 g6 4. d4 Bg7 5. d5 Nd4 6. Nxd4 exd4 7. Nb5 d6 8.
Nxd4 Ne7 9. e4 O-O 10. Be2 c6 11. O-O Qb6 12. Nb3 f5 13. dxc6 fxe4 14. Qxd6
Nxc6 15. Qd5+ Kh8 16. Qxe4 Bf5 17. Qh4 Rae8 18. Bf3 Ne5 19. Bd5 Nd3 20. Be3 Qd6
21. Bd4 Ne5 22. Bc5 Qc7 23. Bxf8 Rxf8 24. f4 Ng4 25. Qe1 Qb6+ 26. c5 Qf6 27. h3
h5 28. hxg4 hxg4 29. Qg3 Bh6 30. Rfe1 Bd3 31. Qxg4 Bxf4 32. Re6 Be3+ 33. Kh1
Qxb2 34. Qh4+ Kg7 35. Re7+ 1-0

[Event "Tournoi Skype 018A"]
[Site "Skype"]
[Date "????.??.??"]
[Round "4.5"]
[White "Segura Lozano, Marcos Antonio"]
[Black "Hervais, Adrien"]
[Result "0-1"]
[WhiteElo "1764"]
[BlackElo "2071"]
[PlyCount "100"]

1. d4 d5 2. Nf3 c6 3. Bf4 Bg4 4. e3 Nd7 5. c4 Ngf6 6. Nc3 e6 7. Bd3 Nh5 8. h3
Nxf4 9. exf4 Bxf3 10. Qxf3 Qb6 11. O-O dxc4 12. Bxc4 Qxd4 13. Bb3 Bd6 14. Ne4
Nf6 15. Nxd6+ Qxd6 16. Rad1 Qc7 17. g4 O-O 18. f5 exf5 19. Qxf5 Rae8 20. g5 Re5
21. Qf4 Ne4 22. Kh1 Nxg5 23. Qg4 Ne6 24. f4 Re4 25. Bc2 Rxf4 26. Qh5 g6 27. Rg1
Kh8 28. Qh6 Qe7 29. Rg4 Rxg4 30. hxg4 Qg5 31. Qh3 Nf4 32. Qf3 Qh4+ 33. Kg1 Nh3+
34. Kg2 Ng5 35. Qf6+ Kg8 36. Rh1 Qxg4+ 37. Kf2 Nh3+ 38. Kf1 Qf4+ 39. Qxf4 Nxf4
40. Kf2 h5 41. Kf3 Nd5 42. Re1 Kg7 43. Re4 Rd8 44. b4 f5 45. Rd4 Kf6 46. Bb3
Ke5 47. Rc4 g5 48. Bc2 g4+ 49. Ke2 h4 50. Kf2 g3+ 0-1

[Event "Tournoi Skype 018A"]
[Site "Skype"]
[Date "????.??.??"]
[Round "4.6"]
[White "Plourde, Alain"]
[Black "Gharbi, Said"]
[Result "1-0"]
[WhiteElo "1931"]
[BlackElo "1567"]
[PlyCount "97"]

1. Nf3 Nc6 2. d4 Nf6 3. c4 e6 4. Bg5 Bb4+ 5. Nc3 O-O 6. e3 h6 7. Bh4 d6 8. Bd3
Bxc3+ 9. bxc3 e5 10. e4 Bg4 11. d5 Na5 12. h3 Bh5 13. O-O c6 14. Qe2 cxd5 15.
cxd5 Rc8 16. Rfc1 b6 17. g4 g5 18. gxh5 gxh4 19. Nxh4 Kh8 20. Nf5 Rg8+ 21. Kh2
Qf8 22. c4 Rg5 23. Ng3 Nb7 24. Qf3 Qg7 25. Rg1 Qh7 26. Nf5 Nxh5 27. Rxg5 hxg5
28. Rg1 f6 29. Qg4 Rg8 30. h4 Nf4 31. Bf1 gxh4 32. Qxh4 Qxh4+ 33. Nxh4 Rxg1 34.
Kxg1 Nc5 35. f3 Kh7 36. Nf5 Nb7 37. Kf2 Kg6 38. Ne7+ Kf7 39. Nc8 Kg6 40. Nxa7
Kg5 41. Nc8 Kh4 42. Nxb6 Nc5 43. a4 Nb7 44. Nc8 Ng6 45. Ke3 Nf8 46. Na7 Nd7 47.
Nc6 Nb6 48. a5 Nxc4+ 49. Bxc4 1-0

[Event "Tournoi Skype 018A"]
[Site "Skype"]
[Date "????.??.??"]
[Round "4.7"]
[White "Dal, Ibrahim"]
[Black "Sierra, Henry Alberto"]
[Result "1-0"]
[WhiteElo "1849"]
[BlackElo "1561"]
[PlyCount "117"]

1. d4 Nf6 2. Nf3 e6 3. c4 d5 4. Nc3 c6 5. Bg5 Nbd7 6. cxd5 exd5 7. e3 Be7 8.
Bd3 O-O 9. O-O Ne4 10. Bxe7 Nxc3 11. Bxh7+ Kh8 12. Bxd8 Nxd1 13. Rfxd1 Rxd8 14.
Ng5 Re8 15. Bf5 Re7 16. Rac1 Nf6 17. Bxc8 Rxc8 18. Nf3 g6 19. Ne5 Kg7 20. f3
Nh7 21. Kf2 f6 22. Nd3 Rce8 23. Re1 Rh8 24. h4 Nf8 25. g3 Ne6 26. Rh1 Kf7 27.
Nc5 Nxc5 28. Rxc5 Rhe8 29. Re1 f5 30. b4 a6 31. a4 Ke6 32. b5 axb5 33. axb5
cxb5 34. Rxb5 Rb8 35. Rb6+ Kf7 36. Rd6 b5 37. Rxd5 b4 38. Rb1 Rc7 39. Rc5 Rxc5
40. dxc5 Ke7 41. g4 Kd7 42. e4 fxe4 43. fxe4 Kc6 44. Ke3 Kxc5 45. Rc1+ Kd6 46.
Kf4 Rb5 47. g5 b3 48. Rb1 b2 49. h5 gxh5 50. g6 Ke6 51. e5 Rxe5 52. Rxb2 Rf5+
53. Ke4 Rg5 54. Rb6+ Ke7 55. Kf4 Rg4+ 56. Kf5 Kf8 57. Rb8+ Kg7 58. Rb7+ Kh6 59.
Rh7# 1-0

[Event "Tournoi Skype 018A"]
[Site "Skype"]
[Date "????.??.??"]
[Round "4.8"]
[White "Karia, Vijay"]
[Black "Jacquelin, Norbert"]
[Result "0-1"]
[WhiteElo "1674"]
[BlackElo "1845"]
[PlyCount "78"]

1. e4 e5 2. Bc4 Nf6 3. d3 Bc5 4. Nc3 O-O 5. f4 c6 6. f5 d5 7. Bb3 dxe4 8. Bg5
Bxf5 9. dxe4 Qxd1+ 10. Rxd1 Nxe4 11. Nxe4 Bxe4 12. Nf3 h6 13. Bh4 Na6 14. Nxe5
Nb4 15. Rd2 Bb6 16. Kd1 Nd5 17. Nc4 g5 18. Nxb6 axb6 19. Bg3 Bxg2 20. Rg1 Bf3+
21. Kc1 Rfe8 22. Rf2 g4 23. Bh4 Kh7 24. Bg3 Rad8 25. a3 Rd7 26. c4 Nf6 27. h3
h5 28. hxg4 hxg4 29. Bh4 Ne4 30. Bc2 f5 31. Rh2 Kg6 32. Bf2 Nxf2 33. Rxf2 Re3
34. Kb1 Kg5 35. Kc1 f4 36. Rgf1 g3 37. Rxf3 Rxf3 38. Rxf3 g2 39. Kb1 g1=Q+ 0-1

[Event "Tournoi Skype 018A"]
[Site "Skype"]
[Date "????.??.??"]
[Round "4.9"]
[White "Legueltel, Daniel"]
[Black "Yeter, Orhan"]
[Result "1-0"]
[WhiteElo "1823"]
[BlackElo "1544"]
[PlyCount "91"]

1. d4 Nf6 2. c4 e6 3. Nf3 Bb4+ 4. Bd2 Qe7 5. Qc2 d5 6. a3 Bxd2+ 7. Nbxd2 O-O 8.
e3 b6 9. cxd5 exd5 10. Rc1 Ne8 11. Bd3 f5 12. O-O Nd7 13. Bxf5 Ndf6 14. Bd3 Bg4
15. Ne5 Bd7 16. Ndf3 Ne4 17. Bxe4 dxe4 18. Qxe4 Nd6 19. Qd3 Bf5 20. Qb3+ Be6
21. Qa4 Qe8 22. Qxe8 Nxe8 23. Nc6 Kh8 24. Rfe1 Bd5 25. e4 Bxc6 26. Rxc6 Rd8 27.
e5 Rd5 28. Kf1 Kg8 29. Re4 Rb5 30. Re2 Kf7 31. Ng5+ Kg8 32. Ne6 Rf7 33. Rec2 g6
34. Nxc7 Nxc7 35. Rxc7 Rxc7 36. Rxc7 Rxb2 37. d5 Rb1+ 38. Ke2 Rb2+ 39. Ke3 Rb3+
40. Kf4 Rxa3 41. d6 Ra4+ 42. Ke3 Ra3+ 43. Kd4 Kf8 44. e6 Ra4+ 45. Kd5 Ke8 46.
Rc8# 1-0

[Event "Tournoi Skype 018A"]
[Site "Skype"]
[Date "????.??.??"]
[Round "4.10"]
[White "Aranzubia, Desiderio"]
[Black "Barrasso, Alex"]
[Result "0-1"]
[WhiteElo "1586"]
[BlackElo "1781"]
[PlyCount "64"]

1. d4 Nf6 2. c4 e6 3. Nc3 Bb4 4. Qc2 c5 5. a3 Bxc3+ 6. bxc3 Nc6 7. d5 exd5 8.
cxd5 Nxd5 9. g3 O-O 10. Bg2 Nf6 11. Nf3 d5 12. O-O Re8 13. Rd1 d4 14. cxd4 cxd4
15. e3 Bg4 16. h3 Bh5 17. Bb2 Bg6 18. Qb3 Na5 19. Qb4 d3 20. Ne5 Nc6 21. Nxc6
bxc6 22. Bxc6 Rb8 23. Qd2 Re6 24. Bg2 Ne4 25. Bxe4 Bxe4 26. Rf1 Qd5 27. Kh2 Rc8
28. Rac1 Rec6 29. Rxc6 Rxc6 30. Rc1 Qf5 31. f4 Rh6 32. g4 Qxg4 0-1

[Event "Tournoi Skype 018A"]
[Site "Skype"]
[Date "????.??.??"]
[Round "4.11"]
[White "Saponara, Jose Maria"]
[Black "Engstrom, Olle"]
[Result "1/2-1/2"]
[WhiteElo "1561"]
[BlackElo "1809"]
[PlyCount "69"]

1. Nf3 Nf6 2. g3 g6 3. Bg2 Bg7 4. d4 d6 5. Bg5 O-O 6. O-O Nbd7 7. Nbd2 c6 8. c3
b5 9. Re1 Bb7 10. e4 e5 11. Nb3 Qc7 12. Rc1 Rfe8 13. Qc2 Rac8 14. c4 bxc4 15.
Qxc4 d5 16. exd5 Nb6 17. Qc2 Nfxd5 18. dxe5 Bxe5 19. a4 Nb4 20. Qd2 N6d5 21.
Nxe5 Rxe5 22. Nc5 Rce8 23. Nxb7 Rxe1+ 24. Rxe1 Rxe1+ 25. Qxe1 Qxb7 26. Bh6 Qe7
27. Qxe7 Nxe7 28. Be3 a6 29. Bc5 Ned5 30. Bxd5 Nxd5 31. b4 f5 32. Kg2 Kf7 33.
Kf3 Ke6 34. a5 Ke5 35. h3 1/2-1/2

[Event "Tournoi Skype 018A"]
[Site "Skype"]
[Date "????.??.??"]
[Round "4.13"]
[White "Prasad Singh, Ambika"]
[Black "Ricieri, Vinicius"]
[Result "0-1"]
[WhiteElo "1545"]
[BlackElo "1714"]
[PlyCount "50"]

1. e4 c5 2. Nf3 g6 3. Nc3 Nc6 4. Be2 Bg7 5. Nd5 Nf6 6. Nxf6+ Bxf6 7. c3 d5 8.
exd5 Qxd5 9. O-O O-O 10. Re1 Rd8 11. d3 Bf5 12. Be3 Bxd3 13. Bxd3 Qxd3 14. Bxc5
Qf5 15. Bd4 e5 16. Qa4 exd4 17. Nxd4 Nxd4 18. Rad1 Nc2 19. Rxd8+ Rxd8 20. Re8+
Rxe8 21. Qxe8+ Kg7 22. g3 Qd3 23. Qb8 Qd1+ 24. Kg2 Ne1+ 25. Kh3 Qh5# 0-1

[Event "Tournoi Skype 018A"]
[Site "Skype"]
[Date "????.??.??"]
[Round "4.15"]
[White "Bendre, Pankaj"]
[Black "Malbec, Robert"]
[Result "0-1"]
[WhiteElo "1603"]
[BlackElo "1441"]
[PlyCount "82"]

1. e4 c6 2. d4 e5 3. Nf3 exd4 4. Nxd4 g6 5. Be3 Bg7 6. Bc4 Nf6 7. Nc3 d6 8. f3
O-O 9. Qd2 b5 10. Bb3 Re8 11. O-O-O a5 12. a3 Ba6 13. a4 b4 14. Na2 Re7 15. Kb1
Qc7 16. h4 Nbd7 17. h5 Nxh5 18. g4 Nhf6 19. Bh6 Bh8 20. Nc1 Rd8 21. Bg5 Ne5 22.
Bxf6 Bxf6 23. Qh6 c5 24. Qxh7+ Kf8 25. Qh6+ Bg7 26. Ne6+ Rxe6 27. Qh7 Nxf3 28.
Bxe6 fxe6 29. Qxg6 Qf7 30. Qh7 Ng5 31. Qh2 Ke7 32. Nb3 Nxe4 33. Nxa5 Rc8 34.
Rhg1 Qf6 35. c3 bxc3 36. b3 Qg6 37. Ka2 Be5 38. Qh4+ Bf6 39. Qh2 Kd7 40. Rge1
Nd2 41. Qg2 Qc2+ 0-1

[Event "Tournoi Skype 018A"]
[Site "Skype"]
[Date "????.??.??"]
[Round "4.16"]
[White "L'Herbon De Lussats, Jean"]
[Black "Patra Kumar, Subhendu"]
[Result "0-1"]
[WhiteElo "1374"]
[BlackElo "1888"]
[PlyCount "56"]

1. e4 e5 2. d4 exd4 3. Qxd4 Nc6 4. Qd1 Nf6 5. Nd2 Bc5 6. h3 d6 7. Ngf3 O-O 8.
Be2 Re8 9. Bd3 d5 10. Qe2 Bf5 11. e5 Qd7 12. Nb3 Bd6 13. Bf4 Nxe5 14. Bxe5 Bxe5
15. Nxe5 Rxe5 16. Qxe5 Re8 17. Qxe8+ Qxe8+ 18. Kd2 Ne4+ 19. Kc1 Nxf2 20. Rf1
Bxd3 21. cxd3 Qe3+ 22. Kc2 Qxd3+ 23. Kc1 Qxf1+ 24. Kd2 Qxg2 25. Ke2 Ne4+ 26.
Ke3 c5 27. Rd1 Qf2+ 28. Kd3 c4# 0-1

[Event "Tournoi Skype 018A"]
[Site "Skype"]
[Date "????.??.??"]
[Round "4.17"]
[White "Janssen, Gerard"]
[Black "Carballo, Jorge"]
[Result "1/2-1/2"]
[WhiteElo "1694"]
[BlackElo "1559"]
[PlyCount "66"]

1. d4 Nf6 2. c4 d5 3. Nc3 e6 4. Nf3 c5 5. e3 Nc6 6. cxd5 Nxd5 7. Bb5 cxd4 8.
Nxd4 Bd7 9. O-O Nxd4 10. Bxd7+ Qxd7 11. Qxd4 Nxc3 12. Qxc3 Rc8 13. Qe5 Qd6 14.
Qg5 Qc5 15. Qg4 h5 16. Qg3 Rh6 17. e4 Rg6 18. Qb3 Qb4 19. Qxb4 Bxb4 20. Be3 b6
21. Rac1 Rxc1 22. Rxc1 Kd7 23. a3 Be7 24. e5 Bg5 25. f4 Be7 26. b4 f6 27. Rd1+
Ke8 28. Kf2 fxe5 29. fxe5 Rg4 30. g3 Bg5 31. Kf3 Bxe3 32. Kxe3 Rg5 33. Ke4 Rg4+
1/2-1/2

[Event "Tournoi Skype 018A"]
[Site "Skype"]
[Date "????.??.??"]
[Round "4.18"]
[White "Le Brun, Yves"]
[Black "Hague, Mark"]
[Result "1-0"]
[WhiteElo "1623"]
[BlackElo "1493"]
[PlyCount "125"]

1. e4 c6 2. d4 d5 3. exd5 cxd5 4. Bd3 Nf6 5. Nf3 e6 6. a3 Nc6 7. O-O Be7 8. Re1
a6 9. h3 b5 10. c3 h6 11. Bf4 Bd6 12. Bxd6 Qxd6 13. Ne5 Qc7 14. Nd2 O-O 15. f4
Rb8 16. Qf3 a5 17. b4 a4 18. Rac1 Rd8 19. g4 Nxe5 20. fxe5 Ne8 21. h4 g6 22.
Rf1 Qe7 23. Qg3 Ng7 24. Rf6 Rf8 25. h5 Ne8 26. Rf2 g5 27. Bb1 Kg7 28. Rcf1 Bd7
29. Qd3 Rh8 30. Qf3 Rf8 31. Bg6 f6 32. Qd3 f5 33. gxf5 exf5 34. Bxf5 Bxf5 35.
Rxf5 Rxf5 36. Rxf5 Nc7 37. Rf6 Qe8 38. Qf5 Qxh5 39. Qd7+ Kg8 40. Qxc7 Qd1+ 41.
Kg2 Qxd2+ 42. Kg3 Qd3+ 43. Kg4 Rf8 44. Rxf8+ Kxf8 45. Qd8+ Kg7 46. Qf6+ Kh7 47.
Qf7+ Kh8 48. Kh5 Qh7 49. Qf8+ Qg8 50. Qxh6+ Qh7 51. Qxh7+ Kxh7 52. Kxg5 Kg7 53.
Kf5 Kf7 54. e6+ Ke7 55. Ke5 Kd8 56. Kxd5 Ke7 57. Ke5 Ke8 58. d5 Kd8 59. Kf6 Ke8
60. e7 Kd7 61. Kf7 Kd6 62. e8=Q Kxd5 63. Qe6# 1-0

[Event "Tournoi Skype 018A"]
[Site "Skype"]
[Date "????.??.??"]
[Round "4.19"]
[White "Aceituno, Stebe"]
[Black "Alvarez, Rafael Andres"]
[Result "1-0"]
[WhiteElo "1588"]
[BlackElo "1600"]
[PlyCount "147"]

1. e4 d5 2. exd5 Qxd5 3. Nc3 Qa5 4. Nf3 Bf5 5. Bc4 e6 6. O-O Nf6 7. d4 Nbd7 8.
Bd2 c6 9. Bb3 Qc7 10. Qe2 O-O-O 11. a4 Bg4 12. Be3 h5 13. Rfd1 h4 14. h3 Bh5
15. a5 a6 16. Bg5 Re8 17. Qe3 Nd5 18. Nxd5 cxd5 19. Rd3 Bg6 20. Rc3 Bc5 21.
dxc5 e5 22. c6 bxc6 23. Bxd5 Nb8 24. Qb6 Qxb6 25. axb6 Kb7 26. Bc4 Rh5 27. Be3
e4 28. Nd2 f5 29. Bf4 Kxb6 30. Bxb8 Rxb8 31. Rca3 Kc7 32. Nb3 Rg5 33. Nc5 Kd6
34. Ne6 Rh5 35. Nf4 Rh6 36. Nxg6 Rxg6 37. b3 f4 38. Ra5 f3 39. Bf7 Rxg2+ 40.
Kh1 Rxf2 41. Rd1+ Kc7 42. Re5 Rf8 43. Bg6 Rxc2 44. Bxe4 Rc3 45. Re7+ Kb6 46. b4
f2 47. Bg2 Rc4 48. Re6 Rxb4 49. Rxc6+ Ka5 50. Rc5+ Kb6 51. Rc6+ Ka5 52. Bf1 g5
53. Ra1+ Ra4 54. Rxa6+ Kb4 55. R6xa4+ Kc3 56. R4a3+ Kd4 57. Kg2 g4 58. hxg4 Rh8
59. Kf3 Rf8+ 60. Kg2 Ke5 61. R1a2 Rg8 62. Rxf2 Rxg4+ 63. Kh2 Rd4 64. Re3+ Kd6
65. Bg2 Kc5 66. Re5+ Kb4 67. Rc2 Rf4 68. Rc7 Rd4 69. Re8 Rc4 70. Rb8+ Kc3 71.
Rxc4+ Kxc4 72. Rd8 Kc5 73. Kh3 Kb6 74. Kg4 1-0

[Event "Tournoi Skype 018A"]
[Site "Skype"]
[Date "????.??.??"]
[Round "4.21"]
[White "Yardimci, Ertan"]
[Black "Rochette, Mathieu"]
[Result "0-1"]
[WhiteElo "1498"]
[BlackElo "1589"]
[PlyCount "44"]

1. d4 Nf6 2. Nf3 e6 3. c4 Bb4+ 4. Bd2 Be7 5. e3 b6 6. g3 Bb7 7. Bg2 d6 8. O-O
Nbd7 9. Nc3 O-O 10. Qc2 h6 11. a3 c5 12. Rfe1 Rc8 13. b3 d5 14. Qa2 dxc4 15.
bxc4 cxd4 16. Nxd4 Bxg2 17. Kxg2 Ne5 18. Rad1 Rxc4 19. Nce2 Bc5 20. Nb3 Qd5+
21. Kh3 Nf3 22. Rf1 Ng5# 0-1

[Event "Tournoi Skype 018A"]
[Site "Skype"]
[Date "????.??.??"]
[Round "4.22"]
[White "Thoune, Jim"]
[Black "Trivedi, Viral"]
[Result "1/2-1/2"]
[WhiteElo "1809"]
[BlackElo "1587"]
[PlyCount "45"]

1. d4 Nf6 2. c4 g6 3. Nc3 d5 4. e3 e6 5. f4 Bg7 6. Nf3 Nbd7 7. cxd5 Nxd5 8.
Nxd5 exd5 9. Qc2 Nf6 10. Bd3 O-O 11. O-O Ne4 12. b4 Bf5 13. a4 c6 14. Rb1 a6
15. Nd2 Nd6 16. Nb3 Re8 17. Bxf5 Nxf5 18. Rf3 Rc8 19. Nc5 Nxd4 20. exd4 Bxd4+
21. Kf1 Qh4 22. Nd3 Qxh2 23. Nf2 1/2-1/2

[Event "Tournoi Skype 018A"]
[Site "Skype"]
[Date "????.??.??"]
[Round "4.24"]
[White "Cossalter, Maurizio"]
[Black "Farthouat, Titoine"]
[Result "0-1"]
[WhiteElo "1512"]
[BlackElo "1606"]
[PlyCount "130"]

1. e4 c5 2. f4 d6 3. Nc3 Nc6 4. Bb5 Bd7 5. Nf3 a6 6. Bxc6 Bxc6 7. d4 e6 8. dxc5
dxc5 9. Qxd8+ Rxd8 10. O-O b5 11. a3 Nf6 12. e5 Ne4 13. Nxe4 Bxe4 14. c3 c4 15.
Be3 Bd3 16. Rfd1 Be7 17. Ne1 O-O 18. Nxd3 Rxd3 19. Rxd3 cxd3 20. Rd1 Rd8 21. b4
f6 22. Bd4 fxe5 23. fxe5 Bg5 24. Rxd3 Bc1 25. Rh3 Bxa3 26. Kf2 Rf8+ 27. Ke2 Rf5
28. Rd3 Rf4 29. Be3 Re4 30. Kd2 Rxe5 31. Rd8+ Kf7 32. Ra8 Rd5+ 33. Kc2 Rd6 34.
Ra7+ Kg6 35. Bd4 Bxb4 36. Rxg7+ Kh6 37. Rc7 Ba5 38. Rb7 Rc6 39. Kb3 Bc7 40. h3
e5 41. Be3+ Kh5 42. Ra7 Kh4 43. Bf2+ Kh5 44. Ra8 Rg6 45. g4+ Kg5 46. Bg3 h5 47.
Rf8 hxg4 48. h4+ Kh5 49. Rf7 Bd6 50. Ra7 Bb8 51. Rb7 Bd6 52. Rb6 Be7 53. Rxg6
Kxg6 54. Bxe5 Bxh4 55. Kb4 Be1 56. Ka5 g3 57. Bxg3 Bxc3+ 58. Kxa6 b4 59. Bf4
Kf5 60. Bc1 Ke4 61. Ka5 Kd3 62. Ka4 Kc2 63. Ba3 b3 64. Kb5 Bb2 65. Bb4 Bc1 0-1

[Event "Tournoi Skype 018A"]
[Site "Skype"]
[Date "????.??.??"]
[Round "5.1"]
[White "Ibarra Cantu, Raul Alberto"]
[Black "Ayotte, Jocelyn"]
[Result "1-0"]
[WhiteElo "2041"]
[BlackElo "2167"]
[PlyCount "71"]

1. e4 d6 2. d4 g6 3. Nc3 Bg7 4. Nf3 Nf6 5. h3 O-O 6. Be3 c6 7. a4 Qa5 8. Bd3 c5
9. O-O cxd4 10. Nxd4 Nc6 11. Qd2 Bd7 12. Rad1 Rfe8 13. Nxc6 bxc6 14. b3 Rac8
15. Nd5 Qxd2 16. Nxf6+ Bxf6 17. Rxd2 c5 18. Bc4 Be6 19. Bd5 Bxd5 20. Rxd5 Rc6
21. Rfd1 Rb8 22. f4 Bd4 23. Bxd4 cxd4 24. Rd2 Rbc8 25. R5xd4 Rxc2 26. Rxc2 Rxc2
27. Rb4 f5 28. exf5 gxf5 29. Rb7 Kf7 30. Rxa7 Ke6 31. Ra8 Kd5 32. a5 Ke4 33. a6
e5 34. a7 Ra2 35. b4 Ke3 36. b5 1-0

[Event "Tournoi Skype 018A"]
[Site "Skype"]
[Date "????.??.??"]
[Round "5.2"]
[White "Mishra, Om"]
[Black "Rico Hernandez, Edgar"]
[Result "1-0"]
[WhiteElo "1744"]
[BlackElo "1872"]
[PlyCount "77"]

1. e4 c6 2. d4 d5 3. exd5 cxd5 4. Bd3 Nf6 5. h3 Nc6 6. Nf3 e6 7. O-O Qc7 8. Re1
Be7 9. Bg5 O-O 10. c3 Bd7 11. Nbd2 Rfc8 12. Ne5 Be8 13. f4 g6 14. Qf3 Nh5 15.
Bxe7 Nxe7 16. g4 Ng7 17. g5 Nef5 18. Nf1 Qb6 19. Rab1 Bb5 20. Bxf5 Nxf5 21. Nh2
h5 22. gxh6 Nxh6 23. Nhg4 Nxg4 24. hxg4 Kg7 25. g5 Rh8 26. Kg2 Bc6 27. Qg4 Raf8
28. Qg3 Qd8 29. Ng4 Bb5 30. Qe3 Qd6 31. Rh1 Qb8 32. Rh6 Rxh6 33. gxh6+ Kh7 34.
Rh1 f5 35. Qxe6 Qd8 36. Nf2 Qe8 37. Qe5 Qd7 38. Nh3 Re8 39. Ng5+ 1-0

[Event "Tournoi Skype 018A"]
[Site "Skype"]
[Date "????.??.??"]
[Round "5.3"]
[White "Hervais, Adrien"]
[Black "Dal, Ibrahim"]
[Result "1-0"]
[WhiteElo "2071"]
[BlackElo "1849"]
[PlyCount "49"]

1. d4 d5 2. Nc3 c5 3. dxc5 e6 4. e4 Bxc5 5. exd5 Ne7 6. Bb5+ Bd7 7. dxe6 Bxf2+
8. Kxf2 Qb6+ 9. Be3 Qxe6 10. Nf3 O-O 11. Re1 Bxb5 12. Nxb5 Qc4 13. Nd6 Qc6 14.
Ne5 Qc7 15. Qd3 Nbc6 16. Nxc6 Nxc6 17. Nb5 Qa5 18. Nd4 Ne5 19. Qf5 g6 20. Qf4
Rac8 21. Bd2 Rxc2 22. Nxc2 Qc5+ 23. Qd4 Nd3+ 24. Kg1 Qxc2 25. Bh6 1-0